| 000 | 00815nam a2200205 a 4500 | ||
|---|---|---|---|
| 005 | 20230524063554.0 | ||
| 008 | 991125s1995 mx 000 0 spa u | ||
| 035 | _aUPN01000042608 | ||
| 049 | _aTES | ||
| 099 | _a13626 | ||
| 100 | 1 | _aAcevedo Monreal, Luis | |
| 245 | 1 | 3 |
_aLa operación aritmética del porcentaje y su aplicación en la resolución de problemas cotidianos de niños de 6° grado de primaria / _cLuis Acevedo Monreal. |
| 260 |
_aAguascalientes : _bL. Acevedo Monreal, _c1995. |
||
| 300 | _a50 h. | ||
| 500 | _a"Unidad 011" | ||
| 502 | _aPropuesta pedagógica (Lic. en Educación Primaria) -- Universidad Pedagógica Nacional, 1995 | ||
| 650 | 4 |
_aAritmética _xEstudio y enseñanza (Elemental) _95289 |
|
| 710 | 2 |
_aUniversidad Pedagógica Nacional (México). _bUnidad 011 _928311 |
|
| 905 | _aTesis | ||
| 999 |
_c42608 _d42608 |
||